The C++ standard library : (Record no. 345)

MARC details
000 -LEADER
fixed length control field 00929cam a22002654a 4500
001 - CONTROL NUMBER
control field 17037022
005 - DATE AND TIME OF LATEST TRANSACTION
control field 20200129130613.0
008 - FIXED-LENGTH DATA ELEMENTS--GENERAL INFORMATION
fixed length control field 111107s2012 njua b 001 0 eng
010 ## - LIBRARY OF CONGRESS CONTROL NUMBER
LC control number 2011045071
020 ## - INTERNATIONAL STANDARD BOOK NUMBER
International Standard Book Number 9780321623218 (hardcover : alk. paper)
040 ## - CATALOGING SOURCE
Original cataloging agency DLC
Transcribing agency DLC
Modifying agency DLC
042 ## - AUTHENTICATION CODE
Authentication code pcc
050 00 - LIBRARY OF CONGRESS CALL NUMBER
Classification number QA76.73.C153
Item number J69 2012
082 00 - DEWEY DECIMAL CLASSIFICATION NUMBER
Classification number 005.13/3
Edition information 23
100 1# - MAIN ENTRY--PERSONAL NAME
Personal name Josuttis, Nicolai M.
9 (RLIN) 1706
245 14 - TITLE STATEMENT
Title The C++ standard library :
Remainder of title a tutorial and reference /
Statement of responsibility, etc. Nicolai M. Josuttis.
250 ## - EDITION STATEMENT
Edition statement 2nd ed.
260 ## - PUBLICATION, DISTRIBUTION, ETC.
Place of publication, distribution, etc. Upper Saddle River, NJ :
Name of publisher, distributor, etc. Addison-Wesley,
Date of publication, distribution, etc. 2012.
300 ## - PHYSICAL DESCRIPTION
Extent xxvii, 1099 p. :
Other physical details ill. ;
Dimensions 24 cm.
504 ## - BIBLIOGRAPHY, ETC. NOTE
Bibliography, etc. note Includes bibliographical references and index.
650 #0 - SUBJECT ADDED ENTRY--TOPICAL TERM
Topical term or geographic name entry element C++ (Computer program language)
9 (RLIN) 494
906 ## - LOCAL DATA ELEMENT F, LDF (RLIN)
a 7
b cbc
c orignew
d 1
e ecip
f 20
g y-gencatlg
942 ## - ADDED ENTRY ELEMENTS (KOHA)
Source of classification or shelving scheme Dewey Decimal Classification
Koha item type Books
Holdings
Withdrawn status Lost status Source of classification or shelving scheme Damaged status Not for loan Collection Home library Current library Shelving location Date acquired Barcode Date last seen Price effective from Koha item type
    Dewey Decimal Classification     Reference Centerville Centerville Reference 05/07/2014 3999900000002 05/07/2014 05/07/2014 Books